00470nam a2200181Ia 450000500170000000800410001702000180005804100120007608200150008810000250010324500350012825000120016326000360017530000190021165000170023065000160024765000250026320260429112211.0260429s9999||||xx |||||||||||||| ||und|| a9789355276070 aEnglish a320.1bMAC aMachiavelli, Niccolo 0aPrince / cNiccolo Machiavelli a1st ed. aChennai : bMaven Books,c2024. axx, 134 p.; hb a Machiavelli a Statecraft aPolitical philosophy